1582 1657 1842 1593 1415 1618 1100 1012 1234 1162 1348 1630 1542 1756 1612 1555 1371 1499 1216 1929 1148 1912 1477 1497 1634 1813 1233 1821 1315 1469 1732 1120 1234 1316 1711 1081 1792 1107 1916 1980 1263 1532 1234 1273 1929 1476 1765 1764 1214 1449 1326 1784 1523 1386 1496 1989 1157 1256 1873 1942 1270 1462 1012 1033 1306 1152 1013 1750 1827 1976 1501 1081 1484 1050 1866 1158 1409 1171 1846 1649 1689 1784 1737 1239 1669 1886 1178 1828 1304 1019 1870 1306 1799 1701 1683 1797 1149 1073 1114 BCNSPRNW ULIB Ver.6.0+V

เปลี่ยนเป็นภาษาไทย

Change to English
 แสดงรายละเอียดบรรณานุกรม
  กลับหน้าหลัก

Brief Record : Get Marc (ISO 2709) : E-mail record : QR code < ปิดหน้าต่าง
LEADER : 00000nam 2200000uu 4500
001    13399110728
003     ULIB
008    110608s2553||||th 000 0 tha d
020    9789744141576
050  4 HF5668.25^bช136ก 2553
100 0  ชนม์ณัฐชา กังวานศุภพันธ์
245 00 การควบคุมภายในและตรวจสอบภายใน./^cชนม์ณัฐชา กังวานศุภพันธ์
246 0  เอกสารตำราหลัก ประกอบการเรียนการสอนหลักสูตรรัฐประศาสนศาสตร์บัณฑิต สาขาวิชาการจัดการการคลัง วิชา การควบคุมและตรวจสอบภายใน (Internal control and audit)
260    กรุงเทพฯ :^bเอ็กซเปอร์เน็ท,2553
300    190 หน้า
650  7 การควบคุมภายใน
650  7 การตรวจสอบภายใน
945    ^p180^l0^i18247
995    กัณชพร
999    ^aใช้งานได้ทุกระบบ
รายการนี้ยังไม่มีแท็ก
คุณยังไม่ได้ล็อกอิน คุณสามารถมีกิจกรรมร่วมกับเว็บไซต์ได้ แต่ต้องล็อกอินก่อน ::
  ล็อกอิน

รายการสื่อสารสนเทศ

ลำดับที่ ประเภท เลขเรียก/บาร์โค้ด สถานที่ สถานะ
- ไม่พบข้อมูล -

รายการใกล้เคียง
    หัวเรื่อง [การควบคุมภายใน]
    หัวเรื่อง [การตรวจสอบภายใน]

BibComment


ยังไม่เคยถูกคอมเมนท์

คอมเมนท์ทรัพยากรรายการนี้
  คอมเมนท์: การควบคุมภายในและ..


 Copyright 2026. Bcnsprnw @Library